000 00718nam a22002291i 4500
001 bimo0001553616
003 SpMaBN
005 20231011112627.0
008 000401s1976 sp spa
040 _aBPMSU
_bspa
_cBPMSU
082 4 _a861.08
_bV427m 1978
_222
245 0 4 _aLos 25000 mejores versos de la lengua castellana
246 1 3 _aLos veinticinco mil mejores versos de la lengua castellana
260 _aBarcelona
_bCírculo de Lectores,
_c1976
300 _a473 p. ;
_c20 cm
490 0 _aPequeño tesoro
590 _aInventariado, 2023/VM
650 4 _aPoesías españolas
_2
650 4 _aPoesías hispanoamericanas
_2
910 _aVMateo V. Control de calidad. BPMSU
942 _2ddc
_cBK
999 _c14476
_d14476